[Event "XXIII Memorial Edoardo Crespi Open"]
[Site "Milano ITA"]
[Date "2002.12.03"]
[Round "2"]
[White "Gandolfi, Gianfranco"]
[Black "Aranovitch, Emiliano"]
[Result "1-0"]
[WhiteElo "2007"]
[BlackElo "2192"]
[PlyCount "145"]
[EventDate "2002.12.02"]

1. e4 c5 2. Nf3 d6 3. d4 cxd4 4. Nxd4 Nf6 5. Nc3 Nc6 6. Bc4 e6 7. Be3 a6 8. a4
Be7 9. Qe2 O-O 10. O-O Bd7 11. f4 Rc8 12. Rad1 Qc7 13. Nxc6 Bxc6 14. Bd3 b5 15.
axb5 axb5 16. Nxb5 Bxb5 17. Bxb5 Qxc2 18. Qxc2 Rxc2 19. Bd4 Rb8 20. Bd3 Rcc8
21. Rc1 Nd7 22. Rxc8+ Rxc8 23. Bc3 Bf6 24. Bxf6 Nxf6 25. b4 Rc3 26. Rd1 Kf8 27.
b5 Rb3 28. Kf2 h5 29. h3 h4 30. Ke3 Ke7 31. Rb1 Ra3 32. b6 Ra8 33. Rc1 Nd7 34.
Rc7 Kd8 35. Bb5 Nxb6 36. Rxf7 Ra3+ 37. Kf2 Rb3 38. Be2 Rg3 39. Bg4 d5 40. exd5
exd5 41. Rxg7 Ke8 42. Rg5 Rb3 43. Be2 Rb2 44. Rh5 Na4 45. Kf3 Nc3 46. Bd3 Ke7
47. Rxh4 Kd6 48. f5 Ke5 49. Rh6 Ne4 50. Bxe4 dxe4+ 51. Kg3 Kxf5 52. Rh5+ Kf6
53. h4 Ra2 54. Rg5 Ra4 55. Rb5 Ra2 56. h5 e3 57. Rb6+ Kg7 58. Kf3 Rf2+ 59. Kg3
Ra2 60. Re6 Re2 61. Rg6+ Kh7 62. Kf3 Re1 63. g4 Kh8 64. g5 e2 65. Kf2 Rh1 66.
Rh6+ Kg7 67. Kxe2 Rg1 68. Rg6+ Kf7 69. Kf2 Ra1 70. Rf6+ Kg7 71. Rd6 Rh1 72. h6+
Kf7 73. g6+ 1-0

[Event "XXIII Memorial Edoardo Crespi Open"]
[Site "Milano ITA"]
[Date "2002.12.03"]
[Round "2"]
[White "Lazic, Miroljub"]
[Black "Sbarra, Marco"]
[Result "1-0"]
[WhiteElo "2461"]
[BlackElo "2220"]
[PlyCount "71"]
[EventDate "2002.12.02"]

1. Nf3 d5 2. b3 c5 3. e3 Nc6 4. Bb5 Nf6 5. Bb2 e6 6. Bxc6+ bxc6 7. c4 Bd6 8. d3
O-O 9. Nc3 e5 10. e4 d4 11. Na4 Nd7 12. Qd2 Nb6 13. O-O Bg4 14. Ne1 Nd7 15. Ba3
Qh4 16. Rb1 f5 17. f3 Bh5 18. Qf2 Qe7 19. exf5 Rxf5 20. Qe2 Raf8 21. Nb2 Qh4
22. Qe4 Qf6 23. Nd1 Rf4 24. Qe2 e4 25. dxe4 Ne5 26. Bc1 Rh4 27. g3 Rh3 28. Qg2
Qe6 29. Nf2 Rxh2 30. Qxh2 Bxf3 31. Bf4 Rxf4 32. gxf4 Qg6+ 33. Ng2 Bxg2 34. Qxg2
Nf3+ 35. Kh1 Qh6+ 36. Qh3 1-0

[Event "XXIII Memorial Edoardo Crespi Open"]
[Site "Milano ITA"]
[Date "2002.12.03"]
[Round "2"]
[White "Lebel, Patrick"]
[Black "Astengo, Marcello"]
[Result "1-0"]
[WhiteElo "2183"]
[BlackElo "2092"]
[PlyCount "83"]
[EventDate "2002.12.02"]

1. Nf3 d5 2. b4 c6 3. e3 Bf5 4. Bb2 Qb6 5. a3 a5 6. b5 h6 7. a4 e6 8. Be2 Nf6
9. O-O Bd6 10. c4 O-O 11. d4 dxc4 12. Na3 Bb4 13. Nxc4 Qd8 14. Ba3 Bxa3 15.
Rxa3 cxb5 16. axb5 Be4 17. Qa1 b6 18. Nfe5 Bb7 19. Rc1 Nd5 20. Bf3 g5 21. Qb1
Qe7 22. Ra1 Qd8 23. Nxf7 Rxf7 24. Qg6+ Kf8 25. Qxe6 Rf6 26. Qe4 Qe7 27. Ne5 Kg7
28. Qg4 Ra7 29. h4 Re6 30. hxg5 hxg5 31. Be4 Nd7 32. Nxd7 Rxe4 33. Qf3 Re6 34.
Ne5 Nf4 35. Qg4 Nxg2 36. Nc6 Bxc6 37. bxc6 Nh4 38. c7 Re4 39. c8=Q Rxg4+ 40.
Qxg4 b5 41. Rc5 Kg6 42. Rac1 1-0

[Event "XXIII Memorial Edoardo Crespi Open"]
[Site "Milano ITA"]
[Date "2002.12.03"]
[Round "2"]
[White "Maksimenko, Andrei"]
[Black "Dragojlovic, Andjelko"]
[Result "1-0"]
[WhiteElo "2507"]
[BlackElo "2324"]
[PlyCount "53"]
[EventDate "2002.12.02"]

1. e4 c5 2. Nf3 d6 3. d4 cxd4 4. Nxd4 Nf6 5. Nc3 g6 6. Be3 Bg7 7. Qd2 Nc6 8. f3
O-O 9. O-O-O Nxd4 10. Bxd4 Be6 11. Kb1 Qc7 12. g4 Rfc8 13. h4 Qa5 14. Qg5 b5
15. Qxb5 Qc7 16. Qa4 Bd7 17. Qa3 e5 18. Bg1 Rab8 19. g5 Nh5 20. Ka1 d5 21. Nxd5
Qxc2 22. Rb1 Bf8 23. Qd3 Qa4 24. Bh2 Bb5 25. Qd1 Qxd1 26. Rxd1 Bxf1 27. Rhxf1
1-0

[Event "XXIII Memorial Edoardo Crespi Open"]
[Site "Milano ITA"]
[Date "2002.12.03"]
[Round "2"]
[White "Popa, Florin"]
[Black "Sareen, Vishal"]
[Result "1/2-1/2"]
[WhiteElo "2193"]
[BlackElo "2335"]
[PlyCount "48"]
[EventDate "2002.12.02"]

1. e4 c5 2. c3 Nf6 3. e5 Nd5 4. d4 cxd4 5. cxd4 d6 6. Nf3 Nc6 7. Bc4 Nb6 8. Bb5
d5 9. Nc3 Bg4 10. Be3 e6 11. Rc1 Rc8 12. O-O Be7 13. Na4 Nd7 14. h3 Bh5 15. a3
O-O 16. g4 Bg6 17. Nd2 f6 18. f4 fxe5 19. fxe5 Rxf1+ 20. Qxf1 Bg5 21. Qe1 Bh4
22. Qd1 Bg5 23. Qe1 Bh4 24. Qf1 Bg5 1/2-1/2

[Event "XXIII Memorial Edoardo Crespi Open"]
[Site "Milano ITA"]
[Date "2002.12.03"]
[Round "2"]
[White "Porat, David"]
[Black "Mrdja, Milan"]
[Result "0-1"]
[WhiteElo "2195"]
[BlackElo "2368"]
[PlyCount "110"]
[EventDate "2002.12.02"]

1. d4 c5 2. d5 g6 3. c4 Bg7 4. Nc3 Bxc3+ 5. bxc3 f5 6. e4 fxe4 7. f3 Qa5 8. Qc2
Nf6 9. fxe4 d6 10. Bd3 Nbd7 11. Nf3 Ng4 12. O-O Nde5 13. Bf4 Bd7 14. Be2 O-O
15. Qd2 Rae8 16. h3 Nxf3+ 17. gxf3 Ne5 18. Kh2 Nf7 19. Bg3 e5 20. Rf2 Qd8 21.
h4 g5 22. hxg5 Nxg5 23. Kh1 Nh3 24. Rh2 Qf6 25. Qe3 Kh8 26. Bf1 Nf4 27. Rb1 Bc8
28. Bxf4 Qxf4 29. Qxf4 Rxf4 30. Bh3 b6 31. Bxc8 Rxc8 32. Kg2 Rg8+ 33. Kf2 Rgf8
34. Rh3 Rxe4 35. Rbh1 Rf7 36. Rh6 Rxc4 37. Rxd6 Rxc3 38. Rd8+ Kg7 39. Rg1+ Kf6
40. Ke2 Ke7 41. Rgg8 Ra3 42. d6+ Ke6 43. Rge8+ Kd5 44. Re7 Raxf3 45. Rdd7 Rf2+
46. Ke1 Rf1+ 47. Ke2 R7f2+ 48. Ke3 Rxa2 49. Rxh7 Rf6 50. Rh1 Ra3+ 51. Ke2 Kc6
52. Re7 Kxd6 53. Rhh7 Kd5 54. Rh5 Re6 55. Rc7 c4 0-1

[Event "XXIII Memorial Edoardo Crespi Open"]
[Site "Milano ITA"]
[Date "2002.12.03"]
[Round "2"]
[White "Qendro, Llambi"]
[Black "Mazzini, Antonio"]
[Result "1-0"]
[WhiteElo "2364"]
[BlackElo "2122"]
[PlyCount "51"]
[EventDate "2002.12.02"]

1. d4 g6 2. c4 Bg7 3. Nf3 c6 4. Nc3 d6 5. g3 Qc7 6. Bg2 e5 7. dxe5 dxe5 8. Ne4
Nf6 9. Nd6+ Ke7 10. Nxc8+ Rxc8 11. O-O Rd8 12. Qc2 Na6 13. b3 Kf8 14. Bb2 Re8
15. Rad1 Re7 16. Ba3 c5 17. Qb1 Rc8 18. Ne1 Kg8 19. Nc2 Rd7 20. Ne3 Rxd1 21.
Rxd1 b6 22. Bb2 Re8 23. Qa1 Nb8 24. Rd3 Nbd7 25. Bh3 Bh6 26. Rxd7 1-0

[Event "XXIII Memorial Edoardo Crespi Open"]
[Site "Milano ITA"]
[Date "2002.12.03"]
[Round "2"]
[White "Sanchez, Joseph"]
[Black "Barlocco, Carlo"]
[Result "1/2-1/2"]
[WhiteElo "2307"]
[BlackElo "2160"]
[PlyCount "63"]
[EventDate "2002.12.02"]

1. e4 Nc6 2. Nf3 d5 3. exd5 Qxd5 4. Nc3 Qa5 5. Bb5 Bd7 6. O-O O-O-O 7. d4 a6 8.
Bxc6 Bxc6 9. Ne5 Be8 10. Qf3 f6 11. Be3 Nh6 12. b4 Qb6 13. Nd3 Qc6 14. Qxc6
Bxc6 15. a4 b6 16. b5 axb5 17. axb5 Bb7 18. Nb4 Kd7 19. Ra7 e6 20. Nd3 Rb8 21.
Rd1 Bd6 22. Nc5+ bxc5 23. dxc5 Nf5 24. cxd6 cxd6 25. Bc5 Kc7 26. Bb4 d5 27.
Ba5+ Kc8 28. Nxd5 exd5 29. Rxd5 Bxd5 30. Rc7+ Kd8 31. Rb7+ Kc8 32. Rc7+ 1/2-1/2

[Event "XXIII Memorial Edoardo Crespi Open"]
[Site "Milano ITA"]
[Date "2002.12.03"]
[Round "2"]
[White "Valenti, Giuseppe"]
[Black "Mazzariol, Oscar"]
[Result "0-1"]
[WhiteElo "2230"]
[BlackElo "2141"]
[PlyCount "74"]
[EventDate "2002.12.02"]

1. e4 c5 2. Nf3 e6 3. d4 cxd4 4. Nxd4 Nf6 5. Nc3 d6 6. Be2 a6 7. O-O Be7 8. f4
Qc7 9. Kh1 b5 10. Bf3 Bb7 11. a3 Nbd7 12. Qe2 O-O 13. e5 Bxf3 14. Nxf3 Ne8 15.
Be3 g6 16. Bd4 Ng7 17. Ne4 Ne8 18. g4 Rc8 19. Rf2 Qc4 20. Qe3 d5 21. Ng3 Ng7
22. f5 exf5 23. gxf5 Bc5 24. f6 Ne6 25. c3 Rfe8 26. Qh6 Bf8 27. Qh4 Ndc5 28.
Rg1 Nd3 29. Rd2 Ndf4 30. Nf5 Rc7 31. Nh6+ Kh8 32. Bb6 Qe4 33. Rf1 Rb7 34. Bd4
g5 35. Qg4 Bxh6 36. Re1 Qg6 37. Be3 Rg8 0-1

[Event "XXIII Memorial Edoardo Crespi Open"]
[Site "Milano ITA"]
[Date "2002.12.03"]
[Round "2"]
[White "Vismara, Daniele"]
[Black "Drazic, Sinisa"]
[Result "1-0"]
[WhiteElo "2246"]
[BlackElo "2465"]
[PlyCount "117"]
[EventDate "2002.12.02"]

1. Nf3 c5 2. c4 Nc6 3. Nc3 Nf6 4. g3 g6 5. Bg2 Bg7 6. O-O O-O 7. d4 d6 8. d5
Na5 9. Nd2 a6 10. a3 Qc7 11. Qc2 Bd7 12. Rb1 b5 13. b3 Rab8 14. Bb2 bxc4 15.
bxc4 e5 16. e3 Ng4 17. h3 Nh6 18. Ne2 Nf5 19. Bc3 Bh6 20. Rxb8 Rxb8 21. Rb1
Rxb1+ 22. Qxb1 Bf8 23. Qd3 Be7 24. f4 Nb7 25. Ne4 f6 26. g4 Nh4 27. g5 f5 28.
Nf6+ Bxf6 29. gxf6 e4 30. f7+ Kxf7 31. Qb1 Na5 32. Qe1 Nxg2 33. Kxg2 Nxc4 34.
Qh4 Nxe3+ 35. Kh2 Nxd5 36. Qxh7+ Ke8 37. Qxg6+ Kd8 38. Qg8+ Ke7 39. Qh7+ Kd8
40. Qg8+ Ke7 41. Qxd5 Qc8 42. Ng3 Be6 43. Qd1 Qe8 44. h4 Qf7 45. h5 Bb3 46. Qf1
Ba4 47. h6 Bb5 48. Qh3 Qa2+ 49. Qg2 Qf7 50. Nxf5+ Qxf5 51. Qg5+ Ke6 52. Qxf5+
Kxf5 53. h7 Kxf4 54. h8=Q Ke3 55. Qh6+ Kd3 56. Qd2+ Kc4 57. Bb2 Kb3 58. Qc3+
Ka4 59. Qc2+ 1-0

[Event "XXIII Memorial Edoardo Crespi Open"]
[Site "Milano ITA"]
[Date "2002.12.03"]
[Round "3"]
[White "Astengo, Marcello"]
[Black "Astengo, Corrado"]
[Result "1/2-1/2"]
[WhiteElo "2092"]
[BlackElo "2172"]
[PlyCount "22"]
[EventDate "2002.12.02"]

1. d4 d5 2. Nf3 Nf6 3. Bf4 Bf5 4. e3 e6 5. Bd3 Bxd3 6. Qxd3 c6 7. c4 Bd6 8. Bg3
Qe7 9. Nc3 Nbd7 10. Bxd6 Qxd6 11. O-O O-O 1/2-1/2

[Event "XXIII Memorial Edoardo Crespi Open"]
[Site "Milano ITA"]
[Date "2002.12.03"]
[Round "3"]
[White "Barlocco, Carlo"]
[Black "Popa, Florin"]
[Result "0-1"]
[WhiteElo "2160"]
[BlackElo "2193"]
[PlyCount "96"]
[EventDate "2002.12.02"]

1. d4 d5 2. Nc3 Nf6 3. Bg5 Bf5 4. f3 Bg6 5. Bxf6 exf6 6. e4 dxe4 7. Nxe4 Bxe4
8. fxe4 Bd6 9. Qh5 O-O 10. O-O-O Nd7 11. Nf3 Re8 12. Bc4 g6 13. Bxf7+ Kg7 14.
Qh4 g5 15. Qh5 Rxe4 16. h4 g4 17. Ng5 fxg5 18. hxg5 Nf8 19. Rdf1 Bf4+ 20. Rxf4
Rxf4 21. g6 Rxf7 22. gxf7 Qf6 23. Qxg4+ Kxf7 24. Qe4 c6 25. Qd3 Kg7 26. Rf1
Qg5+ 27. Kb1 Re8 28. a3 Qg6 29. Qc3 Qe6 30. Qb4 b6 31. Qc3 Kg8 32. b3 Ng6 33.
Kb2 Qd5 34. Rf3 Rd8 35. Rd3 a5 36. Qd2 Re8 37. Re3 Rd8 38. Rd3 Re8 39. Re3 Rd8
40. Rd3 Qe4 41. c4 Nf4 42. Rg3+ Kh8 43. d5 cxd5 44. c5 bxc5 45. Qxa5 Qe2+ 46.
Kc1 Qf1+ 47. Kc2 Qf2+ 48. Kd1 Re8 0-1

[Event "XXIII Memorial Edoardo Crespi Open"]
[Site "Milano ITA"]
[Date "2002.12.03"]
[Round "3"]
[White "Bozzali, Ermanno"]
[Black "Valenti, Giuseppe"]
[Result "0-1"]
[WhiteElo "2135"]
[BlackElo "2230"]
[PlyCount "118"]
[EventDate "2002.12.02"]

1. e4 c5 2. Nf3 e6 3. d4 cxd4 4. Nxd4 a6 5. Nc3 Qc7 6. g3 Bb4 7. Bd2 Nf6 8. Bg2
Nc6 9. Nxc6 dxc6 10. Bf4 e5 11. Bg5 Be7 12. O-O O-O 13. a4 Bg4 14. Bf3 Bh3 15.
Re1 b5 16. Qe2 Be6 17. Nd1 Bc4 18. Qe3 h6 19. Bxf6 Bxf6 20. Qc3 Be6 21. Ne3
Rfd8 22. axb5 axb5 23. Rxa8 Rxa8 24. Rd1 Ra4 25. h4 b4 26. Qd3 Be7 27. b3 Ra2
28. Bg4 Bxg4 29. Nxg4 Bc5 30. Qc4 Bd4 31. Rd3 Qb6 32. Rf3 Ra7 33. h5 Qa6 34.
Qxb4 Qe2 35. Kg2 Ra1 36. Qc4 Qxc4 37. bxc4 Rc1 38. c3 Bxc3 39. Ne3 Bd4 40. Nf5
Rxc4 41. Nd6 Rc2 42. Nxf7 Bxf2 43. Kh3 Bd4 44. Nd6 c5 45. Nf5 c4 46. Ne7+ Kh7
47. Ng6 Rf2 48. Rxf2 Bxf2 49. Kg2 c3 50. Nxe5 c2 51. Nd3 Be3 52. Kf3 c1=Q 53.
Nxc1 Bxc1 54. e5 Kg8 55. Ke4 Kf7 56. Kf5 Bg5 57. g4 Bh4 58. e6+ Ke7 59. Ke5 Bg5
0-1

[Event "XXIII Memorial Edoardo Crespi Open"]
[Site "Milano ITA"]
[Date "2002.12.03"]
[Round "3"]
[White "Brovelli, Claudio"]
[Black "Sanchez, Joseph"]
[Result "0-1"]
[WhiteElo "2180"]
[BlackElo "2307"]
[PlyCount "110"]
[EventDate "2002.12.02"]

1. d4 d5 2. Nf3 Nf6 3. e3 e6 4. Bd3 c5 5. b3 Nc6 6. O-O Be7 7. Bb2 O-O 8. Nbd2
b6 9. a3 Bb7 10. Ne5 Bd6 11. f4 Qe7 12. Rf3 g6 13. Rh3 Rad8 14. Qe1 Bxe5 15.
dxe5 Ne8 16. Qg3 f6 17. exf6 Nxf6 18. Rh6 Qg7 19. Qg5 Ne7 20. Be5 Nf5 21. Bxf5
exf5 22. h4 Rde8 23. Bxf6 Qxf6 24. Re1 d4 25. Nc4 Re4 26. h5 Kg7 27. hxg6 hxg6
28. Kf2 dxe3+ 29. Rxe3 Rxe3 30. Nxe3 Qxg5 31. fxg5 f4 32. Nc4 Rf5 33. Rh4 Rxg5
34. Nd6 Rxg2+ 35. Kf1 Bc6 36. Rxf4 Rxc2 37. Rf7+ Kh6 38. Rxa7 Rb2 39. Nf7+ Kh5
40. Ne5 Bb5+ 41. Kg1 Rxb3 42. a4 Bd3 43. a5 bxa5 44. Nxd3 Rxd3 45. Rxa5 Rc3 46.
Kf2 Kg4 47. Ra6 g5 48. Rc6 Rc2+ 49. Ke3 c4 50. Rc5 Kh4 51. Kf3 g4+ 52. Kf4 c3
53. Rc8 Rf2+ 54. Ke3 Kg3 55. Rc7 Kg2 0-1

[Event "XXIII Memorial Edoardo Crespi Open"]
[Site "Milano ITA"]
[Date "2002.12.03"]
[Round "3"]
[White "Contin, Daniel"]
[Black "Lazic, Miroljub"]
[Result "0-1"]
[WhiteElo "2330"]
[BlackElo "2461"]
[PlyCount "62"]
[EventDate "2002.12.02"]

1. c4 e6 2. Nf3 d5 3. b3 Nf6 4. g3 Be7 5. Bg2 O-O 6. O-O b6 7. Bb2 Bb7 8. e3
Nbd7 9. Qe2 c5 10. Rd1 Rc8 11. d3 Qc7 12. Nc3 Rfd8 13. cxd5 Nxd5 14. Nxd5 Bxd5
15. e4 Bb7 16. d4 Nf6 17. e5 Nd5 18. dxc5 Qxc5 19. Rdc1 Qa5 20. Nd4 Ba6 21. Qg4
Rxc1+ 22. Rxc1 Qd2 23. Rd1 Qxb2 24. Nxe6 fxe6 25. Qxe6+ Kh8 26. Bxd5 Bc5 27.
Qf5 Rxd5 28. Rxd5 Qc1+ 29. Kg2 Qf1+ 30. Kf3 Qh1+ 31. Kg4 Qxd5 0-1

[Event "XXIII Memorial Edoardo Crespi Open"]
[Site "Milano ITA"]
[Date "2002.12.03"]
[Round "3"]
[White "Dragojlovic, Andjelko"]
[Black "Lebel, Patrick"]
[Result "1-0"]
[WhiteElo "2324"]
[BlackElo "2183"]
[PlyCount "45"]
[EventDate "2002.12.02"]

1. e4 Nf6 2. Nc3 Nc6 3. d4 d5 4. e5 Ng8 5. Nge2 Bf5 6. Ng3 Bg6 7. Bb5 e6 8. h4
h6 9. Nce2 a6 10. Bxc6+ bxc6 11. Nf4 Bh7 12. Ngh5 Ne7 13. c3 Qb8 14. g4 c5 15.
dxc5 Nc6 16. O-O Nxe5 17. Re1 c6 18. b4 Be4 19. Re3 Ng6 20. Rxe4 dxe4 21. Nxg6
fxg6 22. Nf4 Kf7 23. Qd7+ 1-0

[Event "XXIII Memorial Edoardo Crespi Open"]
[Site "Milano ITA"]
[Date "2002.12.03"]
[Round "3"]
[White "Drazic, Sinisa"]
[Black "Facchetti, Gianni"]
[Result "1/2-1/2"]
[WhiteElo "2465"]
[BlackElo "2160"]
[PlyCount "63"]
[EventDate "2002.12.02"]

1. d4 Nf6 2. c4 e5 3. dxe5 Ng4 4. Bf4 Nc6 5. Nf3 Bb4+ 6. Nbd2 Qe7 7. a3 Ngxe5
8. Nxe5 Nxe5 9. e3 Bxd2+ 10. Qxd2 d6 11. c5 dxc5 12. Qd5 Ng6 13. Bb5+ Kf8 14.
O-O-O c6 15. Qd8+ Qxd8 16. Rxd8+ Ke7 17. Rxh8 Nxh8 18. Bd3 Ng6 19. Bxg6 hxg6
20. Rd1 c4 21. Bd6+ Ke8 22. Rd4 Be6 23. Rh4 Kd7 24. Bc5 g5 25. Rd4+ Ke8 26. Rd6
b6 27. Bd4 Ke7 28. Be5 f6 29. Bg3 Bd5 30. f3 Rd8 31. Rxd8 Kxd8 32. e4 1/2-1/2

[Event "XXIII Memorial Edoardo Crespi Open"]
[Site "Milano ITA"]
[Date "2002.12.03"]
[Round "3"]
[White "Lapiccirella, Mattia"]
[Black "Qendro, Llambi"]
[Result "1/2-1/2"]
[WhiteElo "2193"]
[BlackElo "2364"]
[PlyCount "65"]
[EventDate "2002.12.02"]

1. d4 d6 2. Nf3 g6 3. c4 Bg7 4. Nc3 c6 5. e4 a6 6. Be2 b5 7. Be3 Nd7 8. Qc2 Bb7
9. c5 dxc5 10. dxc5 Qc7 11. O-O Ngf6 12. h3 O-O 13. a4 Rfd8 14. b4 Nf8 15. Ra3
Ne6 16. Rd1 Rxd1+ 17. Nxd1 Nh5 18. Bf1 Rd8 19. Rd3 Bc8 20. Nc3 Rxd3 21. Bxd3
Qb8 22. axb5 axb5 23. Bc1 Nhf4 24. Bf1 Nd4 25. Nxd4 Bxd4 26. Nd1 e5 27. Nc3 Ne6
28. Ne2 Qa7 29. Bb2 Qa2 30. Nxd4 Nxd4 31. Qc1 Nb3 32. Qc3 Nd4 33. Qc1 1/2-1/2

[Event "XXIII Memorial Edoardo Crespi Open"]
[Site "Milano ITA"]
[Date "2002.12.03"]
[Round "3"]
[White "Mazzariol, Oscar"]
[Black "Porat, David"]
[Result "0-1"]
[WhiteElo "2141"]
[BlackElo "2195"]
[PlyCount "118"]
[EventDate "2002.12.02"]

1. e4 c5 2. Nf3 d6 3. c3 Nf6 4. h3 Nc6 5. Bd3 d5 6. e5 Nd7 7. e6 fxe6 8. Ng5
Nf6 9. Nxh7 Nxh7 10. Qh5+ Kd7 11. Bxh7 Qc7 12. O-O g6 13. Qxg6 Ne5 14. Qc2 Nf3+
15. gxf3 Qf4 16. d4 Qh4 17. Bf5 exf5 18. Qxf5+ Ke8 19. Qg6+ Kd8 20. Qg3 Qh7 21.
h4 Qxh4 22. Qxh4 Rxh4 23. Bg5 Rh5 24. f4 Bh6 25. Re1 Bg4 26. f3 Bxf3 27. Bxe7+
Kd7 28. Nd2 Rg8+ 29. Kf2 Bg4 30. Nf3 Bxf3 31. Kxf3 Rh3+ 32. Kf2 Bxf4 33. Bxc5
Bg3+ 34. Kg2 Rh2+ 35. Kg1 Bd6+ 36. Kf1 Rf8+ 37. Kg1 Rg8+ 38. Kf1 Rh1+ 39. Ke2
Re8+ 40. Kf2 Bg3+ 41. Kxg3 Rhxe1 42. Rxe1 Rxe1 43. Bxa7 Re2 44. Bc5 Rxb2 45. a3
Re2 46. Kf3 Re8 47. Bb4 Kc6 48. a4 Ra8 49. a5 Re8 50. Kf4 Kb5 51. Kf3 Re4 52.
Bc5 Kxa5 53. c4 Re8 54. cxd5 Kb5 55. Kf4 b6 56. Bd6 Rd8 57. Ke5 Kc4 58. Ke6 b5
59. Ke7 Kxd5 0-1

[Event "XXIII Memorial Edoardo Crespi Open"]
[Site "Milano ITA"]
[Date "2002.12.03"]
[Round "3"]
[White "Mrdja, Milan"]
[Black "Maksimenko, Andrei"]
[Result "1/2-1/2"]
[WhiteElo "2368"]
[BlackElo "2507"]
[PlyCount "28"]
[EventDate "2002.12.02"]

1. e4 c5 2. Nf3 d6 3. Bb5+ Bd7 4. Bxd7+ Nxd7 5. O-O Ngf6 6. Re1 e6 7. c4 Be7 8.
Nc3 a6 9. d3 O-O 10. Qe2 Rb8 11. h3 b5 12. b3 Ne8 13. Bb2 Bf6 14. Nd1 Bxb2
1/2-1/2

[Event "XXIII Memorial Edoardo Crespi Open"]
[Site "Milano ITA"]
[Date "2002.12.03"]
[Round "3"]
[White "Sareen, Vishal"]
[Black "Vismara, Daniele"]
[Result "1-0"]
[WhiteElo "2335"]
[BlackElo "2246"]
[PlyCount "75"]
[EventDate "2002.12.02"]

1. e4 c5 2. Nc3 d6 3. Nf3 Nf6 4. d4 cxd4 5. Nxd4 a6 6. Be2 e6 7. O-O Be7 8. f4
Qc7 9. Kh1 Nc6 10. Be3 O-O 11. Qe1 Nxd4 12. Bxd4 b5 13. a3 Bb7 14. Qg3 Rae8 15.
Rad1 Bc6 16. e5 dxe5 17. Bxe5 Qb7 18. f5 g6 19. fxg6 fxg6 20. Qh3 Qc8 21. Rf4
Nd5 22. Nxd5 Bg5 23. Nf6+ Bxf6 24. Bxf6 e5 25. Qxc8 Rxc8 26. Bxe5 Rfe8 27. Bg4
Bxg2+ 28. Kxg2 Rxc2+ 29. Rf2 Rxf2+ 30. Kxf2 Rxe5 31. Rd6 a5 32. Rd5 Rxd5 33.
Be6+ Kg7 34. Bxd5 Kf6 35. Ke3 Ke5 36. Be4 b4 37. axb4 axb4 38. b3 1-0

[Event "XXIII Memorial Edoardo Crespi Open"]
[Site "Milano ITA"]
[Date "2002.12.03"]
[Round "3"]
[White "Sbarra, Marco"]
[Black "Gandolfi, Gianfranco"]
[Result "1-0"]
[WhiteElo "2220"]
[BlackElo "2007"]
[PlyCount "55"]
[EventDate "2002.12.02"]

1. e4 e5 2. Bc4 Nf6 3. d3 d5 4. exd5 Nxd5 5. Nf3 Bg4 6. h3 Bxf3 7. Qxf3 c6 8.
O-O Nf6 9. Re1 Bd6 10. Nc3 O-O 11. Bg5 Nbd7 12. Ne4 Be7 13. Ng3 h6 14. Bd2 Ne8
15. Nf5 Bg5 16. Bc3 Bf6 17. Rad1 a5 18. a4 Qc7 19. d4 exd4 20. Bxd4 Bxd4 21.
Rxd4 Ne5 22. Qc3 Nxc4 23. Rxc4 Qd7 24. Rf4 f6 25. Ne7+ Kh7 26. Rd4 Qc7 27. Qd3+
f5 28. Nxf5 1-0

[Event "XXIII Memorial Edoardo Crespi Open"]
[Site "Milano ITA"]
[Date "2002.12.03"]
[Round "3"]
[White "Zanetti, Alberto"]
[Black "Mazzini, Antonio"]
[Result "1-0"]
[WhiteElo "2004"]
[BlackElo "2122"]
[PlyCount "105"]
[EventDate "2002.12.02"]

1. d4 g6 2. e4 Bg7 3. Nf3 d6 4. c3 Nf6 5. Bd3 Nbd7 6. O-O e5 7. h3 c6 8. Qc2
Qc7 9. Be3 O-O 10. Nbd2 Re8 11. dxe5 dxe5 12. Rfd1 Nf8 13. Bf1 Be6 14. Nc4 Bxc4
15. Bxc4 Ne6 16. g3 b5 17. Bf1 a6 18. a4 Rab8 19. axb5 axb5 20. Ra7 Rb7 21.
Rxb7 Qxb7 22. Nxe5 Nf8 23. f4 Nh5 24. Qf2 Bxe5 25. fxe5 Rxe5 26. Rd8 Qe7 27.
Ra8 Nf6 28. Bd4 Nxe4 29. Qf4 Re6 30. b4 f5 31. Ra7 Nd7 32. Qc7 Rd6 33. Ra8+ Kf7
34. Qc8 Nf8 35. Kh2 Nd2 36. Bg2 Nb3 37. Bxc6 Nxd4 38. cxd4 Rxd4 39. Bg2 Qxb4
40. Ra7+ Kf6 41. Qe8 Ne6 42. Qh8+ Kg5 43. Qxh7 Nf8 44. h4+ Kg4 45. Qh6 Qd2 46.
Qxf8 Qf2 47. Ra3 Rd2 48. Qa8 f4 49. Qc8+ Kh5 50. Qc6 g5 51. Qe8+ Kg4 52. Qe6+
Kh5 53. g4+ 1-0

[Event "XXIII Memorial Edoardo Crespi Open"]
[Site "Milano ITA"]
[Date "2002.12.04"]
[Round "4"]
[White "Facchetti, Gianni"]
[Black "Barlocco, Carlo"]
[Result "1/2-1/2"]
[WhiteElo "2160"]
[BlackElo "2160"]
[PlyCount "20"]
[EventDate "2002.12.02"]

1. e4 e5 2. Nf3 Nc6 3. Bb5 Bc5 4. O-O Nd4 5. Nxd4 Bxd4 6. c3 Bb6 7. d4 c6 8.
Ba4 d6 9. dxe5 dxe5 10. Qxd8+ Bxd8 1/2-1/2

[Event "XXIII Memorial Edoardo Crespi Open"]
[Site "Milano ITA"]
[Date "2002.12.04"]
[Round "4"]
[White "Gandolfi, Gianfranco"]
[Black "Astengo, Corrado"]
[Result "0-1"]
[WhiteElo "2007"]
[BlackElo "2172"]
[PlyCount "84"]
[EventDate "2002.12.02"]

1. e4 c5 2. Nf3 d6 3. d4 cxd4 4. Nxd4 Nf6 5. Nc3 a6 6. Bg5 e6 7. f4 Be7 8. Qf3
Nc6 9. O-O-O Bd7 10. Nb3 Qc7 11. Bd3 O-O-O 12. Rhe1 Kb8 13. Kb1 h6 14. Bxf6
Bxf6 15. Ne2 Rc8 16. c3 Qb6 17. Ned4 Nxd4 18. cxd4 a5 19. e5 Be7 20. d5 a4 21.
Nd2 exd5 22. Qxd5 Be6 23. Qb5 Qxb5 24. Bxb5 dxe5 25. fxe5 a3 26. Nf3 Rhd8 27.
Rxd8 Rxd8 28. Ba4 g5 29. h3 h5 30. Bb3 Bf5+ 31. Bc2 Be6 32. Bb3 g4 33. hxg4
hxg4 34. Bxe6 fxe6 35. Nh2 Rd2 36. Nxg4 Rxb2+ 37. Ka1 Rxg2 38. Ne3 Rd2 39. Kb1
Rb2+ 40. Ka1 Bc5 41. Nc4 Rb4 42. Re4 b5 0-1

[Event "XXIII Memorial Edoardo Crespi Open"]
[Site "Milano ITA"]
[Date "2002.12.04"]
[Round "4"]
[White "Lazic, Miroljub"]
[Black "Mrdja, Milan"]
[Result "1/2-1/2"]
[WhiteElo "2461"]
[BlackElo "2368"]
[PlyCount "21"]
[EventDate "2002.12.02"]

1. c4 c6 2. d4 d5 3. e3 Nf6 4. Nc3 g6 5. Nf3 Bg7 6. Be2 O-O 7. O-O Bg4 8. cxd5
Nxd5 9. Nxd5 Qxd5 10. Qc2 Nd7 11. Rd1 1/2-1/2

[Event "XXIII Memorial Edoardo Crespi Open"]
[Site "Milano ITA"]
[Date "2002.12.04"]
[Round "4"]
[White "Lebel, Patrick"]
[Black "Crippa, Gabriele"]
[Result "1/2-1/2"]
[WhiteElo "2183"]
[BlackElo "2118"]
[PlyCount "82"]
[EventDate "2002.12.02"]

1. Nf3 d5 2. b4 Nf6 3. Bb2 Bf5 4. e3 e6 5. a3 Nbd7 6. Be2 Bd6 7. Nh4 Bg6 8. d3
e5 9. Nd2 Qe7 10. c4 c6 11. h3 Rd8 12. cxd5 Nxd5 13. Nxg6 hxg6 14. Qb3 N7f6 15.
Bf3 g5 16. g3 a6 17. Rc1 g4 18. hxg4 Rxh1+ 19. Bxh1 Nxg4 20. Bf3 Qe6 21. Qc4
Ngf6 22. Ke2 Ke7 23. Rh1 Rc8 24. Ne4 b5 25. Qc2 Nxe4 26. Bxe4 c5 27. bxc5 Rxc5
28. Qd2 Nb6 29. Rc1 Na4 30. Rxc5 Nxc5 31. Bf3 f5 32. e4 fxe4 33. Qg5+ Qf6 34.
Qxf6+ gxf6 35. dxe4 Na4 36. Bc1 Nc3+ 37. Kd3 Nb1 38. a4 bxa4 39. Kc2 Na3+ 40.
Bxa3 Bxa3 41. Be2 Bc5 1/2-1/2

[Event "XXIII Memorial Edoardo Crespi Open"]
[Site "Milano ITA"]
[Date "2002.12.04"]
[Round "4"]
[White "Maksimenko, Andrei"]
[Black "Sareen, Vishal"]
[Result "1/2-1/2"]
[WhiteElo "2507"]
[BlackElo "2335"]
[PlyCount "51"]
[EventDate "2002.12.02"]

1. d4 d5 2. c4 c6 3. Nf3 Nf6 4. Nc3 dxc4 5. a4 Bf5 6. Ne5 Nbd7 7. Nxc4 Nb6 8.
Ne5 a5 9. Bg5 h6 10. Bh4 e6 11. e4 Bh7 12. f3 Be7 13. Be2 Qc7 14. Bf2 Nfd7 15.
Nd3 Bd6 16. Rc1 Bxh2 17. e5 Bxd3 18. Qxd3 Bf4 19. Rc2 Qd8 20. Qe4 Bg5 21. f4
Be7 22. f5 exf5 23. Qxf5 Nf8 24. O-O Ne6 25. Be3 O-O 26. Bd3 1/2-1/2